[Event "Presov 2nd"]
[Site "Presov"]
[Date "2000.08.16"]
[Round "5"]
[White "Stocek, Jiri"]
[Black "Mrva, Martin"]
[Result "1-0"]
[WhiteElo "2514"]
[BlackElo "2468"]
[Annotator "Hecht,H"]
[PlyCount "85"]
[EventDate "2000.08.12"]
[EventType "tourn"]
[EventRounds "9"]
[EventCountry "SVK"]
[EventCategory "10"]
[SourceTitle "CBM 079"]
[Source "ChessBase"]
[SourceDate "2000.11.21"]
[SourceVersion "1"]
[SourceVersionDate "2000.11.21"]
[SourceQuality "1"]

1. e4 c5 2. c3 Qa5 3. Nf3 d6 4. d4 cxd4 5. b4 Qb6 6. cxd4 Bg4 7. Nc3 Bxf3 8.
Qxf3 a6 9. Nd5 Qd8 10. Qc3 Nc6 11. b5 axb5 12. Bxb5 Qa5 13. Qxa5 Rxa5 14. Bd2
Ra3 15. Nb4 Kd8 16. Nxc6+ bxc6 17. Bxc6 e6 18. Bb4 Ra6 19. Bb5 Ra7 20. a4 Nf6
21. a5 d5 22. Bxf8 Rxf8 23. e5 Ne8 24. Ke2 Nc7 25. Bc6 f6 26. exf6 Rxf6 27.
Rhb1 Rf4 28. Ke3 Re4+ 29. Kd3 e5 30. Rb8+ Ke7 31. dxe5 Ne6 32. Rb7+ Rxb7 33.
Bxb7 {[#] Starker a-Randbauer;Taktik.} Nc5+ 34. Kc2 Rc4+ (34... Nxb7 35. a6
Rc4+ 36. Kd2 Rc8 37. axb7 Rb8 38. Rb1 $18) 35. Kd1 Rd4+ 36. Ke1 Re4+ 37. Kf1
Nb3 (37... Nxb7 38. a6 Rb4 39. a7 $18) 38. Ra2 (38. Bxd5 $18) 38... Nc1 39. Ra3
Rd4 40. g3 Rd1+ 41. Kg2 Nd3 42. a6 Ne1+ 43. Kh3 1-0

[Event "Linares Anibal op 07th"]
[Site "Linares"]
[Date "2000.01.15"]
[Round "9"]
[White "Jonkman, Harmen"]
[Black "Halkias, Stelios"]
[Result "1-0"]
[WhiteElo "2421"]
[BlackElo "2406"]
[Annotator "Hecht,H"]
[PlyCount "139"]
[EventDate "2000.01.07"]
[EventType "swiss"]
[EventRounds "10"]
[EventCountry "ESP"]
[SourceTitle "CBM 075"]
[Source "ChessBase"]
[SourceDate "2000.04.05"]
[SourceVersion "1"]
[SourceVersionDate "2000.04.05"]
[SourceQuality "1"]

1. e4 c5 2. c3 Nf6 3. e5 Nd5 4. Nf3 Nc6 5. Na3 g6 6. Qb3 Nb6 7. d4 cxd4 8. cxd4
Bg7 9. Bf4 d5 10. exd6 Be6 11. Qd1 O-O 12. Be2 exd6 13. O-O a6 14. Qd2 Bd5 15.
Nc2 Re8 16. Rfe1 Qd7 17. h3 Be4 18. Rac1 Rac8 19. Bh6 f6 20. Bxg7 Kxg7 21. Ne3
Nd5 22. Nxd5 Bxd5 23. b3 Re7 24. Nh2 f5 25. Bf3 Bf7 26. Nf1 Rce8 27. Red1 d5
28. Ng3 h6 29. h4 Be6 30. Ne2 Bf7 31. Nc3 Qd6 32. g3 Rd8 33. Na4 Qf6 34. Rc5 g5
35. hxg5 hxg5 36. Nb6 g4 37. Bxd5 Rh8 38. Bg2 Nxd4 39. Qxd4 Re1+ 40. Bf1 Rxd1
41. Qxd1 Qxb6 42. Rxf5 Bg6 43. Rd5 Rf8 44. Qd4+ Rf6 45. Rd7+ Kh6 46. Qd2+ Kh5
47. Rd5+ Rf5 48. Rd6 {[#] Die Abwicklung ist hochinteressant} Rxf2 49. Qh6+ $1
Kxh6 50. Rxb6 Rf3 51. Bg2 Rxg3 52. Kf2 {[%csl Rg3][%cal Rg2e4]} Rxg2+ 53. Kxg2
Kg5 {[#]} 54. Rb4 $1 {[%csl Ye4]} (54. Kg3 Be4 55. a4 Bf3 56. a5 Kf5 $14) 54...
Kh4 (54... Bf5 $5 55. Kg3 Bc8 56. Rc4 Bd7 57. Rc7 Bc6 58. Rg7+ Kf5 59. Rxg4 a5
{[%cal Gf5e6,Ge6d6,Gd6c7,Gb7b6] und der König findet wegen Tg4-g8-a8 nicht
rechtzeitig zurück, um seine Bauern zu schützen. Verzichtet Schwarz aber auf
a5, so kommt der König zwar zurück, doch Weiß kann dann mit b4 eine
gewinnträchtige Position aufbauen.}) 55. Kh2 b5 56. Rd4 Bb1 (56... a5 57. Rd5
Be8 58. Rd8 g3+ 59. Kg1 Bc6 60. Rd6 Be8 61. Kg2 $18) 57. a3 Bc2 58. b4 {
[%csl Ra6]} Bf5 59. Rf4 Bd3 60. Rf6 g3+ 61. Kg1 Kg4 62. Rxa6 Kf4 63. Re6 Bc4
64. Re7 Bd5 (64... Bb3 65. Rb7 Ba4 66. Kg2 Ke4 67. Kxg3 Kd4 68. Kf4 Kc4 69. Ke5
Kb3 70. Kd5 Kxa3 71. Kc5 $18) 65. a4 bxa4 66. b5 a3 67. b6 a2 68. Ra7 Ke5 69.
Rxa2 Kd6 70. Rd2 $1 1-0

[Event "SWE-ch"]
[Site "Linkoping"]
[Date "2001.06.30"]
[Round "1"]
[White "Brynell, Stellan"]
[Black "Couso, Luis"]
[Result "1-0"]
[WhiteElo "2489"]
[BlackElo "2324"]
[Annotator "Hecht,H"]
[PlyCount "113"]
[EventDate "2001.06.30"]
[EventType "tourn"]
[EventRounds "13"]
[EventCountry "SWE"]
[EventCategory "8"]
[SourceTitle "CBM 085"]
[Source "ChessBase"]
[SourceDate "2001.11.13"]
[SourceVersion "1"]
[SourceVersionDate "2001.11.13"]
[SourceQuality "1"]

1. e4 c5 2. Nf3 e6 3. c3 Nf6 4. e5 Nd5 5. d4 cxd4 6. cxd4 b6 7. Bd3 Bb4+ 8. Bd2
Bxd2+ 9. Qxd2 Nc6 10. Be4 Ba6 11. Bxd5 exd5 12. Nc3 Ne7 13. O-O-O d6 14. Rhe1
O-O 15. Kb1 Qd7 16. Ka1 Rad8 17. Qf4 h6 18. exd6 Ng6 19. Qg3 Qxd6 20. Qxd6 Rxd6
21. g3 f6 22. Re3 Rc8 23. Rde1 Rd7 24. Re8+ Rxe8 25. Rxe8+ Kf7 26. Re1 Ne7 27.
Kb1 Nc6 28. Re3 g5 29. g4 Rd8 30. Kc1 h5 31. gxh5 g4 32. Nh4 Nxd4 33. Rg3 f5
34. h3 gxh3 35. Rxh3 Re8 36. Re3 Rxe3 37. fxe3 Ne2+ 38. Nxe2 Bxe2 {[#]
Beweglicher Springer} 39. h6 (39. Nxf5 Bxh5 40. Nd6+ Ke7 41. Nc8+ Kd8 42. Nxa7
Be8 $11 {Weiß muss b3 oder b4 spielen}) 39... Bd3 $2 {Hier steht der Läufer im
Springerbereich!} (39... Bg4 $1 {[%csl Rh6][%cal Gf7g8,Gg8h7]}) 40. Nf3 Kg8 (
40... Kg6 $2 41. Ne5+ $18) 41. Ng5 $16 {[%cal Gc1d2,Gd2c3,Gc3d4,Gd4e5] Guter
Springer gegen schlechten Läufer} d4 {Schwarz muss einen Bauern opfern, um mit
dem anderen sperren zu können. Mehr als hinhaltender Widerstand ist dennoch
nicht möglich.} ({Stillhalten sieht so aus:} 41... a5 42. Kd2 Bb1 43. a3 Kh8
44. Kc3 b5 45. b4 axb4+ 46. axb4 Ba2 47. Kd4 Kg8 48. Ke5 Bb1 49. Kxd5 Bd3 50.
Ke5 Kh8 51. Kf6 Kg8 52. Kg6 f4+ 53. e4 Bc4 54. h7+ Kh8 55. Kh6 $18) 42. exd4
Bc4 43. a3 f4 44. Kd2 a5 45. Ke1 b5 46. Kf2 Bd5 47. b4 axb4 48. axb4 f3 (48...
Bb7 49. Kg1 Bc6 50. Kh2 Bb7 51. Kh3 Bc8+ 52. Kh4 Bf5 53. d5 $18) 49. Ke3 Kh8
50. Nxf3 Kh7 51. Kf4 Kxh6 52. Nd2 Kg6 53. Ke5 Bg2 54. Ne4 Kg7 55. Nc3 Bf1 56.
Kd6 Kf7 57. d5 1-0

[Event "Hastings 0304 79th"]
[Site "Hastings"]
[Date "2004.01.05"]
[Round "9"]
[White "Cherniaev, Alexander"]
[Black "Conquest, Stuart"]
[Result "1-0"]
[WhiteElo "2476"]
[BlackElo "2545"]
[Annotator "Hecht,H"]
[PlyCount "175"]
[EventDate "2003.12.28"]
[EventType "tourn"]
[EventRounds "9"]
[EventCountry "ENG"]
[EventCategory "13"]
[SourceTitle "CBM 099"]
[Source "ChessBase"]
[SourceDate "2004.03.30"]
[SourceVersion "1"]
[SourceVersionDate "2004.03.30"]
[SourceQuality "1"]

1. e4 c5 2. c3 d6 3. d4 Nf6 4. dxc5 Nc6 5. Qc2 dxc5 6. Nf3 Qc7 7. h3 e6 8. Be3
Be7 9. Nbd2 O-O 10. Be2 b6 11. O-O Bb7 12. Rfe1 h6 13. Bf1 Rad8 14. g3 Qc8 15.
Bf4 Nh5 16. Be3 Nf6 17. Rad1 Bd6 18. Bg2 Bc7 19. Nf1 Qa8 20. N3h2 Ne7 21. f3
Ng6 22. Bf2 h5 23. h4 Qb8 24. Qe2 Rxd1 25. Rxd1 Rd8 26. Rxd8+ Qxd8 27. Nd2 Ne5
28. Bf1 Qd7 29. Nc4 Ng6 30. Qd2 Qe8 31. Be2 Qc6 32. Qc2 b5 33. Nd2 Nd7 34. Nhf1
Nge5 35. Ne3 c4 36. b4 a5 37. a3 Nb6 38. Nef1 Na4 39. Bd4 Qd7 40. f4 Nc6 41.
Bf2 axb4 42. axb4 Ne7 43. Bxh5 e5 44. f5 Qd3 45. Qxd3 cxd3 46. Bf3 Nxc3 47. Bc5
Nc6 48. Ne3 Na4 49. Nd5 Bb8 50. Nb3 Nd4 51. Nxd4 exd4 52. Kf2 Be5 53. Ke1 Bxg3+
54. Kd2 Be5 55. Kxd3 Nb2+ 56. Kd2 Kh7 57. Be7 Nc4+ 58. Ke2 f6 59. Bc5 Kh6 60.
Kd3 Nb2+ 61. Kd2 Bc6 62. Bf8 Be8 63. Be2 Kh7 64. Nb6 g5 65. hxg5 fxg5 66. Nd5
Bc6 67. Bf3 Nc4+ 68. Ke2 Nb2 69. Bc5 Nc4 70. Be7 Kh6 71. Nf6 Kg7 72. Ng4 Kf7
73. Bxg5 Bd6 74. Bd2 Nxd2 75. Kxd2 Bxb4+ 76. Kd3 Bb7 77. Kxd4 Bf8 78. Be2 b4
79. Bc4+ Kg7 {[#]} 80. Ne5 (80. e5 $142) 80... Be7 (80... Bc5+ $142 81. Kd3 {
keeping the white king away was den weißen König fernhält}) 81. Nd7 {From here
on you feel that "General Time" runs the rest of the ending. A tragi-comedy
unfolds.  Ab hier hat man den Eindruck, dass "General Zeit" den weiteren
Verlauf des Endspiels dirigiert. Es entwickelt sich eine Tragikomödie.} Bc6 82.
Nb6 Bd8 83. Nc8 Ba4 84. e5 b3 85. f6+ Kg6 $2 (85... Bxf6 $11) 86. Bd3+ Kf7 87.
Nd6+ Ke6 $4 88. Bf5# 1-0

[Event "Zlin"]
[Site "Zlin"]
[Date "1995.??.??"]
[Round "?"]
[White "Polak, Tomas"]
[Black "Babula, Vlastimil"]
[Result "1-0"]
[WhiteElo "2450"]
[BlackElo "2530"]
[Annotator "Hecht,H"]
[PlyCount "67"]
[EventDate "1995.??.??"]
[EventType "tourn"]
[EventRounds "9"]
[EventCountry "CZE"]
[EventCategory "10"]
[SourceTitle "CBM 049"]
[Source "ChessBase"]
[SourceDate "1995.12.01"]
[SourceVersion "1"]
[SourceVersionDate "1995.12.01"]
[SourceQuality "1"]

1. e4 c5 2. c3 d5 3. exd5 Qxd5 4. d4 Nf6 5. Nf3 Bg4 6. Be2 e6 7. h3 Bh5 8. O-O
Nc6 9. c4 Qd7 10. g4 Bg6 11. Be3 cxd4 12. Nxd4 Bc5 13. Nb5 Bxe3 14. Qxd7+ Nxd7
15. fxe3 Ke7 16. N1c3 Rhd8 17. Rfd1 Nc5 18. Rxd8 Rxd8 19. Rd1 Rxd1+ 20. Bxd1
Bd3 21. b3 g5 22. Nd4 Ne5 23. Be2 Bg6 24. b4 Ncd3 25. Bxd3 Nxd3 {aktive weiße
Springer; Durchbruch am D-Flügel; Taktik; schlechte Verteidigung} 26. a3 Ne5
27. c5 Nc4 28. a4 Nxe3 29. Ncb5 a5 (29... Nc2 30. Nxc2 Bxc2 31. a5 Ba4 32. Nxa7
Kd7 33. b5 f5 $132) 30. bxa5 Nc4 31. c6 Nxa5 (31... bxc6 $1 $17) 32. c7 Kd7 33.
Nf3 f6 34. Nfd4 {(...) Hecht: Es gibt für Schwarz keinen Grund, in dieser
Stellung aufzugeben.} (34. Nfd4 e5 (34... Bf7 35. Nd6 Kxc7 36. Nxf7 Kd7 $13)
35. Ne6 Nc6 $17 36. Nf8+ Kc8 37. Nxg6 hxg6 38. Nd6+ Kxc7 39. Ne8+ Kb6 40. Nxf6
Ka5) 1-0

[Event "EU-chT (Men) 14th"]
[Site "Plovdiv"]
[Date "2003.10.11"]
[Round "1.2"]
[White "Tiviakov, Sergei"]
[Black "Arlandi, Ennio"]
[Result "1-0"]
[WhiteElo "2601"]
[BlackElo "2438"]
[Annotator "Hecht,H"]
[PlyCount "74"]
[EventDate "2003.10.10"]
[EventType "team-swiss"]
[EventRounds "9"]
[EventCountry "BUL"]
[SourceTitle "CBM 098"]
[Source "ChessBase"]
[SourceDate "2004.02.03"]
[SourceVersion "1"]
[SourceVersionDate "2004.02.03"]
[SourceQuality "1"]
[WhiteTeam "Netherlands"]
[BlackTeam "Italy"]
[WhiteTeamCountry "NED"]
[BlackTeamCountry "ITA"]

1. e4 c5 2. Nf3 e6 3. c3 d5 4. exd5 Qxd5 5. d4 Nf6 6. Na3 Qd8 7. Nc2 Nbd7 8.
Bd3 Be7 9. O-O O-O 10. Qe2 b6 11. Bf4 Bb7 12. Rad1 Qc8 13. Ne5 cxd4 14. Nxd4
Nd5 15. Bg3 Nxe5 16. Bxe5 Bf6 17. Rfe1 Bxe5 18. Qxe5 Qc7 19. Qxc7 Nxc7 20. f4
g6 21. Kf2 Rfd8 22. g4 Rd6 23. f5 Rad8 24. Bc2 Kf8 25. fxe6 Nxe6 26. Rxe6 Rxd4
27. Rxd4 Rxd4 28. cxd4 fxe6 {[#] Thema: Guter vs schlechter Läufer.
Hauptursache für den schwarzen Verlust ist allerdings die Paralyse der Bauern
g6/h7. Zieht einer von beiden, geht der andere verloren. Es droht der
Einmarsch des weißen Königs via f4 nach e5 bzw. g5.} 29. Ke3 Bd5 (29... Ke7 30.
Kf4 Kf6 31. g5+ Ke7 32. Ke5 Bd5 33. Bb3 $1 Bxb3 34. axb3 a5 35. b4 a4 36. b5
Kd7 37. d5 $18 ({oder} 37. h3 Ke7 38. h4 Kd7 39. Kf6 $18)) 30. a3 Ke7 {Am
hartnäckigsten war ein positionelles Bauernopfer:} (30... g5 31. Bxh7 Kg7 32.
Be4 Bb3 (32... a5 33. Bxd5 exd5 34. Kf3 b5 35. Kg3 Kg6 36. h4 Kh6 37. hxg5+ (
37. h5 $4 $11 {Festung an allen Fronten!})) 33. Kf3 a5 34. Kg3 Kf6 35. h4 Bc4
36. Bf3 Bb3 {[#] Weiß sollte mit h5 und dem Königsmarsch nach c3 und unter
Vermeidung des Läufertausches auf d5 langfristig am Damenflügel gewinnen.
Steht der schwarze Läufer nicht auf d5, so kann Weiß mit dem Feldfeger d5
arbeiten. Das ist meine Meinung, die aber variantenmäßig zu belegen ist!}) 31.
Kf4 Kd6 32. h4 Bc6 33. Kg5 Kd5 34. h5 gxh5 (34... Kxd4 35. Bxg6 e5 36. Bxh7 e4
37. Bxe4 Bxe4 38. Kf6 $18) 35. gxh5 Kxd4 36. Bxh7 e5 37. h6 a5 (37... e4 38.
Bf5 e3 39. h7 e2 40. h8=Q+ $18) 1-0

[Event "London Agency"]
[Site "London"]
[Date "1998.06.21"]
[Round "7"]
[White "Burnett, Ronald"]
[Black "Ippolito, Dean"]
[Result "1-0"]
[WhiteElo "2400"]
[BlackElo "2435"]
[Annotator "Hecht,H"]
[PlyCount "211"]
[EventDate "1998.06.15"]
[EventType "tourn"]
[EventRounds "9"]
[EventCountry "ENG"]
[EventCategory "9"]
[SourceTitle "CBM 066"]
[Source "ChessBase"]
[SourceDate "1998.09.30"]
[SourceVersion "1"]
[SourceVersionDate "1998.09.30"]
[SourceQuality "1"]

1. c4 c6 2. e4 d5 3. exd5 cxd5 4. d4 Nc6 5. cxd5 Qxd5 6. Nf3 e6 7. Nc3 Qd6 8.
Bg5 Be7 9. d5 exd5 10. Nb5 Qb8 11. Qxd5 Be6 12. Qd2 Bb4 13. Nc3 Nge7 14. a3
Bxc3 15. Qxc3 O-O 16. Bd3 Nd5 17. Qc2 h6 18. Bd2 Ne5 19. Be2 Nxf3+ 20. Bxf3
Qe5+ 21. Qe4 Qxb2 22. Rb1 Qxa3 23. O-O Nc3 24. Bxc3 Qxc3 25. Qxb7 a5 26. Rfc1
Qe5 27. Re1 Qd6 28. Qxa8 Rxa8 29. Bxa8 a4 30. Red1 Qa6 31. Be4 g6 32. Bd5 h5
33. Bxe6 Qxe6 34. Ra1 h4 35. h3 a3 36. Rd2 g5 37. Rda2 f6 38. Rxa3 Kg7 39. Re3
Qd5 40. Rae1 Kg6 41. Re8 Qa2 42. Rc1 Qd5 43. Rec8 Qa5 44. R8c6 Qd2 45. Rb1 Qe2
46. Rc3 Qe4 47. Rf1 Qd4 48. Rf3 Qe4 49. Re3 Qd4 50. Rc1 Qb2 51. Rd1 Qb6 52. Kh1
Qc5 53. Rde1 Qc2 54. Rf3 Qc6 55. Ra1 Qe6 56. Rb1 Qc6 57. Kg1 Qc5 58. Rd1 Qc6
59. Kh1 Qe6 60. Rc1 Qd5 61. Re1 Qc6 62. Kh2 Qd6+ 63. Kg1 Qc6 64. Rd3 Qa6 65.
Red1 Qb6 66. Rd6 Qc5 67. Re6 Qc2 68. Rde1 Qd2 69. R1e3 Qc1+ 70. Kh2 Qc7+ 71. g3
hxg3+ 72. Rxg3 Qc4 73. Rge3 Kf7 74. Re7+ Kg6 75. Kg2 Qd5+ 76. Kg1 Qd1+ 77. Re1
Qf3 78. R7e3 Qd5 79. Re6 Kf7 80. R6e3 Kg6 81. Ra1 Qc6 82. Rg3 Qb6 83. Raa3 Qb1+
84. Kh2 Qb6 85. Raf3 Qd4 86. Kg2 Qe4 87. Rg4 Qc6 88. Rd4 Qb6 89. Rd5 Qe6 90.
Rb5 Qe4 91. Rb6 g4 92. hxg4 Kg5 93. Rbxf6 Kxg4 94. Rf8 Qd5 95. R8f4+ Kg5 96.
Rf5+ {[#] Abwicklung in ein elementar gewonnenees Bauernendspiel. Hauptmotiv
ist die Opposition, die es Weiß ermöglicht v o r seinem Bauern zwecfks
Raumgewinn zu manövrieren. Der f-Bauer geht erst dann vor, wenn mit einer
weiteren Opposition die Umwandlung gesichert werden kann.} Qxf5 97. Rxf5+ Kxf5
98. Kf3 {1. Opposition  Erster Raumgewinn.} Kg6 99. Kg4 Kf6 100. Kf4 {2,
Opposition Weiterer Raumgewinn.} Kg7 101. Kg5 Kf7 102. Kf5 {3. Opposition 
Nochmals Raumgewinn. Möglich war auch:} (102. f3 Ke6 103. f4 Kf7 (103... Ke7
104. Kg6 Ke8 105. f5 Kf8 106. Kf6) 104. Kf5 {Das sofortige Kf5 im 102. Zug ist
jedoch logischer und stilvoller.}) 102... Kg7 103. Ke6 {Am besten; wieder ging
auch:} (103. f3 Kf7 104. f4) 103... Kg6 104. f4 Kg7 105. f5 Kf8 106. Kf6 $1 {
4. und letzte Opposition} (106. f6 $4 Ke8 {würde alles verderben. Kennen Sie
den folgenden Trick?} 107. Kf5 Kf7 108. Kg5 Kf8 109. Kg6 Kg8 110. Kh6 Kh8 $4 (
110... Kf7 $11) 111. Kg5 Kh7 112. Kh5 Kh8 113. Kh6 Kg8 114. Kg6 Kh8 115. Kf7
Kh7 116. Ke7 $18 {Alle diese Dinge gehören zum fest verankerten Basiswissen.
Zweifel und Unsicherheiten auf diesen Gebieten können in langen Endspielen die
letzten Sekunden der ablaufenden Bedenkzeit kosten. Eröffnungs- wie
Endspielfeinheiten sind gleichermaßen wichtig. Es muß möglich sein, dieses
Elemetarendspiel in wenigen Sekunden abzuwickeln. Training in Blitzpartien ist
durchaus denkbar und keinesfalls albern.}) 1-0

[Event "Olympiad-31"]
[Site "Moscow"]
[Date "1994.12.14"]
[Round "13.3"]
[White "Sepp, Olav"]
[Black "Lputian, Smbat G"]
[Result "1-0"]
[WhiteElo "2470"]
[BlackElo "2590"]
[Annotator "Hecht,H"]
[PlyCount "120"]
[EventDate "1994.12.01"]
[EventType "team-swiss"]
[EventRounds "14"]
[EventCountry "RUS"]
[SourceTitle "CBM 045"]
[Source "ChessBase"]
[SourceDate "1995.04.01"]
[SourceVersion "1"]
[SourceVersionDate "1995.04.01"]
[SourceQuality "1"]
[WhiteTeam "Estonia"]
[BlackTeam "Armenia"]
[WhiteTeamCountry "EST"]
[BlackTeamCountry "ARM"]

1. e4 c5 2. c3 Nf6 3. e5 Nd5 4. Nf3 e6 5. d4 cxd4 6. cxd4 b6 7. Nc3 Nxc3 8.
bxc3 Bb7 9. Bd3 Be7 10. h4 Qc7 11. Bd2 d6 12. h5 dxe5 13. Nxe5 Nc6 14. Bb5 O-O
15. Bxc6 Bxc6 16. Qg4 Bf6 17. Qg3 Bxe5 18. dxe5 f5 19. O-O Rad8 20. Bg5 Rd5 21.
Rfe1 Qf7 22. h6 Qg6 23. hxg7 Kxg7 24. Re3 f4 25. Bf6+ Rxf6 26. exf6+ Kf7 27.
Qxg6+ hxg6 28. Re4 Rg5 29. Rxf4 Rxg2+ 30. Kf1 $16 {Not easy to win. Both Ks
are not free to move.} g5 31. Rd4 Bf3 32. Rd7+ Kxf6 33. Rh7 Kg6 34. Rh3 g4 35.
Rh8 Kg7 36. Rh4 Kf6 37. a4 e5 38. a5 Kg5 39. Rh8 e4 40. axb6 axb6 41. Rb1 g3
42. Rg8+ Kf4 43. Rxg3 Rh2 44. Rg1 e3 (44... Rh6 45. Ke1 Rd6 46. Rg8 $16) 45.
Rb4+ Be4 46. Rb2 Rh3 (46... exf2 47. Rxf2+ Rxf2+ 48. Kxf2 Ke5 49. Ke3 Bc6 50.
Rb1 b5 51. Rd1 Bd5 52. Rg1 Kd6 53. Kd4 Bc4 54. Rg6+ Kc7 55. Kc5 Bd3 56. Rb6 $18
) 47. Ke1 b5 48. Kd1 e2+ 49. Kxe2 Rxc3 50. Rg8 Rc5 51. Rb4 Rc2+ 52. Kd1 Rc4 (
52... Rxf2 53. Rf8+ $18) 53. Rf8+ Kg4 54. Rxb5 Bf3+ 55. Kd2 Rd4+ 56. Ke3 Re4+
57. Kd3 Ra4 58. Kc3 Ra3+ 59. Rb3 Rxb3+ 60. Kxb3 Be4 1-0

[Event "POL-ch 53rd"]
[Site "Brzeg Dolny"]
[Date "1996.??.??"]
[Round "12"]
[White "Kuczynski, Robert"]
[Black "Markowski, Tomasz"]
[Result "1/2-1/2"]
[WhiteElo "2495"]
[BlackElo "2535"]
[Annotator "Hecht,H"]
[PlyCount "140"]
[EventDate "1996.03.09"]
[EventType "tourn"]
[EventRounds "15"]
[EventCountry "POL"]
[EventCategory "9"]
[SourceTitle "CBM 053"]
[Source "ChessBase"]
[SourceDate "1996.08.01"]
[SourceVersion "1"]
[SourceVersionDate "1996.08.01"]
[SourceQuality "1"]

1. e4 c5 2. Nf3 Nc6 3. c3 e5 4. Bb5 a6 5. Bxc6 dxc6 6. d3 Qc7 7. h3 Be7 8. O-O
Nf6 9. Qe2 O-O 10. Nh2 Be6 11. f4 exf4 12. Bxf4 Qd7 13. Nf3 Rad8 14. Ne5 Qc8
15. Nd2 Nd7 16. Nec4 b5 17. Nd6 Qa8 18. Qe3 Nb6 19. Qg3 Kh8 20. e5 f5 21. exf6
Rxf6 22. N2e4 Rg6 23. Qh2 Nd5 24. Bg3 Ne3 25. Nf7+ Kg8 26. Nxd8 Nxf1 27. Rxf1
Qxd8 28. Bf2 c4 29. Bc5 Bxc5+ 30. Nxc5 cxd3 31. Nxd3 Bc4 32. Ne5 Bxf1 33. Nxg6
Bc4 34. Nf4 g5 35. Qg3 Kf8 36. b3 gxf4 37. Qxf4+ Bf7 38. Qh6+ Ke7 39. Qxc6 Qd1+
40. Kf2 Qd2+ 41. Kf1 Qc1+ 42. Kf2 Qc2+ 43. Kf1 Qg6 44. Qc7+ Kf8 45. Kg1 Qf6 46.
Kh2 h6 47. c4 bxc4 48. bxc4 Qe6 49. c5 Be8 50. Qf4+ Ke7 51. Qc7+ Bd7 52. a3 Qd5
53. Kh1 Qc6 54. Qe5+ Kd8 55. Qh8+ Kc7 56. Qe5+ Kb7 57. Qc3 Ka7 58. Kh2 Bc8 59.
g4 Qc7+ 60. Kg1 Bb7 61. Qe3 Qc6 62. Kf2 Qg2+ 63. Ke1 Qe4 64. Kd2 Qxe3+ 65. Kxe3
{[#] 4-2 Bauern; schlechte schwarze Randbauern, einfach} Bg2 66. h4 Kb7 67. g5
h5 68. Kf4 Kc6 69. g6 Kxc5 70. Kg5 Kd6 (70... Kd6 71. Kxh5 Ke7 72. Kg5 (72. Kh6
Kf6 73. h5 Be4 74. g7 Bd5 75. Kh7 Kg5 76. h6 a5 77. a4 Kh5 78. g8=Q Bxg8+ 79.
Kxg8 Kxh6 80. Kf7 Kh7 $10) 72... a5 73. h5 a4 74. h6 Kf8 75. Kf6 Kg8 76. h7+
Kh8 $10) 1/2-1/2

[Event "Sonnevanck 5th"]
[Site "Wijk aan Zee"]
[Date "1995.??.??"]
[Round "1"]
[White "Van Mil, Johan"]
[Black "Nijboer, Friso"]
[Result "0-1"]
[WhiteElo "2475"]
[BlackElo "2510"]
[Annotator "Hecht,H"]
[PlyCount "120"]
[EventDate "1995.02.??"]
[EventType "tourn"]
[EventRounds "9"]
[EventCountry "NED"]
[EventCategory "9"]
[SourceTitle "CBM 046"]
[Source "ChessBase"]
[SourceDate "1995.06.01"]
[SourceVersion "1"]
[SourceVersionDate "1995.06.01"]
[SourceQuality "1"]

1. e4 c5 2. c3 Nf6 3. e5 Nd5 4. d4 cxd4 5. Nf3 Nc6 6. Bc4 Nb6 7. Bb3 d5 8. exd6
Qxd6 9. Na3 dxc3 10. Qe2 Bf5 11. Nb5 Qd7 12. Ne5 Nxe5 13. Qxe5 f6 14. Nd6+ Qxd6
15. Qxf5 g6 16. Qe4 Qc6 17. Qxc6+ bxc6 18. bxc3 e5 19. f4 Bd6 20. O-O O-O-O 21.
fxe5 Bxe5 22. Rf3 Rhe8 23. Bh6 Rd7 24. Rd1 Rxd1+ 25. Bxd1 Kc7 26. Bb3 Nd5 27.
Bd2 f5 28. g4 Bxh2+ 29. Kxh2 Re2+ 30. Kg3 Rxd2 31. gxf5 gxf5 32. Rxf5 Nxc3 33.
Bg8 Rd7 34. Kf3 Rg7 35. Bb3 Nb5 36. Ke3 Re7+ 37. Kd2 Rd7+ 38. Kc1 Nd4 39. Rh5
Nxb3+ 40. axb3 Kd6 $19 {Die materielle Überlegenheit genügt zum Sieg, auch
wenn der sR passiv staht. Schwarzer Gewuinnplan: Der h-Bauer wird mit Hilfe
des sK vorgebracht.} 41. Kc2 (41. Kd2 $5) 41... Ke6 42. Kc3 (42. Rh6+ Kf5 43.
Rxc6 h5 44. Rh6 Kg5 45. Rh8 h4 46. Kc3 Rd6 47. b4 Rh6 48. Rg8+ Kf6 49. Rf8+ Ke7
50. Rf2 h3 51. Rh2 Kf6 $19) 42... Kf6 43. Rh1 Kg7 44. Rg1+ Kh8 45. Rh1 Rd6 46.
Kc4 h6 47. Kc5 Rf6 48. b4 Kg7 49. Rg1+ Rg6 50. Ra1 h5 51. Rxa7+ Kh6 52. Kd4
Rg4+ 53. Kd3 h4 (53... Rxb4 54. Ra6 Kg5 55. Rxc6 $10) 54. Ra6 Rg6 55. Ke2 Kh5
56. Kf2 h3 57. Ra1 Rg4 $1 58. Rc1 h2 59. Rh1 Rh4 60. Kg3 Kg5 0-1